[Event "World Senior 65+ 2014"]
[Site "Katerini GRE"]
[Date "2014.11.02"]
[Round "9.38"]
[White "Keze, Arnis"]
[Black "Belokopyt, Boris"]
[Result "0-1"]
[WhiteElo "1684"]
[BlackElo "1940"]
[WhiteFideId "4165845"]
[BlackFideId "4152530"]
[EventDate "2014.10.24"]

1. d4 Nf6 2. c4 e6 3. Nc3 d5 4. Bg5 Be7 5. e3 c6 6. cxd5 exd5 7. h3 O-O 8. Nf3
b5 9. Bd3 h6 10. Bf4 b4 11. Ne2 c5 12. dxc5 Bxc5 13. Rc1 Bd6 14. Bb1 Bxf4 15.
Nxf4 Bb7 16. O-O Nbd7 17. Qd3 a5 18. Nh5 Ba6 19. Qf5 Bxf1 20. Rxf1 Re8 21. g4 g6
22. Nxf6+ Qxf6 23. Qxd5 Nb6 24. Qd1 Qxb2 25. Nd4 Nc4 26. Bc2 Ne5 27. f4 Nc4 28.
Qd3 Nxe3 29. f5 Nxc2 30. Nxc2 Rad8 31. Qb3 Qxb3 32. axb3 Rd3 33. fxg6 fxg6 34.
Rf2 Rxh3 35. Kg2 Rxb3 36. Nd4 Rbe3 37. Rf6 R3e4 38. Rxg6+ Kf7 39. Rd6 Rxg4+ 40.
Kf3 Rxd4 41. Rxd4 Rb8 42. Ke2 a4 43. Kd1 a3 44. Kc1 b3 45. Ra4 a2 46. Kb2 h5 47.
Ra5 Kg6 48. Ra6+ Kg5 49. Ra5+ Kg4 50. Ra4+ Kg3 51. Ra7 h4 52. Rg7+ Kh2 53. Ra7
h3 54. Ra6 Kh1 55. Ra7 h2 56. Ra6 Rb4 57. Ra8 Kg2 58. Rg8+ Kh3 59. Rh8+ Rh4 60.
Rb8 h1=Q 61. Rxb3+ Kg4 62. Kxa2 Rh2+ 63. Ka3 Rh3 0-1

[Event "World Senior 65+ 2014"]
[Site "Katerini GRE"]
[Date "2014.11.02"]
[Round "9.39"]
[White "Borensztajn, David"]
[Black "Shamis, Mordehay"]
[Result "1/2-1/2"]
[WhiteElo "1940"]
[BlackElo "1824"]
[WhiteFideId "2106817"]
[BlackFideId "2808374"]
[EventDate "2014.10.24"]

1. Nf3 Nf6 2. g3 c5 3. Bg2 Nc6 4. d3 d5 5. O-O g6 6. Nbd2 Bg7 7. e4 d4 8. a4 e5
9. Nc4 Qc7 10. Qe2 O-O 11. Ne1 Bg4 12. f3 Be6 13. b3 b6 14. f4 1/2-1/2

[Event "World Senior 65+ 2014"]
[Site "Katerini GRE"]
[Date "2014.11.02"]
[Round "9.40"]
[White "Hmooda, Elhabib"]
[Black "Choong, Liong-On Mark"]
[Result "1/2-1/2"]
[BlackTitle "CM"]
[WhiteElo "1718"]
[BlackElo "1921"]
[WhiteFideId "9202528"]
[BlackFideId "5806410"]
[EventDate "2014.10.24"]

1. d4 Nf6 2. g3 g6 3. Bg2 Bg7 4. Nc3 O-O 5. Bf4 d6 6. Nf3 Nh5 7. Bg5 h6 8. Bd2
e5 9. dxe5 dxe5 10. Qc1 Kh7 11. h3 f5 12. e4 Nc6 13. exf5 gxf5 14. O-O Be6 15.
Rd1 Qf6 16. Nh4 Rf7 17. Bf3 Nf4 18. Bxf4 exf4 19. Qxf4 Bf8 20. Re1 Bd6 21. Qe3
Ne5 22. Bg2 Re8 23. Qxa7 c6 24. Rad1 Bb8 25. Qa4 Rg8 26. Ne2 Rfg7 27. Nf4 Bf7
28. Nxf5 Rg5 29. Nh4 Bc7 30. Qd4 c5 31. Qe4+ Kh8 32. Qxb7 Bb6 33. Nf3 Nxf3+ 34.
Qxf3 c4 35. Kh2 Rf5 36. Qc6 Qxc6 37. Bxc6 Bxf2 38. Ng2 Bxg3+ 39. Kh1 Bh5 40. Rf1
Re5 41. Rd5 Be2 42. Rxe5 Bxf1 43. Re8 Rxe8 44. Bxe8 Be5 45. c3 Kg7 46. a4 Kf8
47. Bc6 Bc7 48. Ne3 Bxh3 49. Nxc4 Bf1 50. Ne3 Ba6 51. Kg2 h5 52. b4 Be5 53. Nd5
Bc8 54. c4 Bf5 55. Nb6 h4 56. Nd7+ Bxd7 57. Bxd7 Bc3 58. b5 Ke7 59. Bc6 Kd6 60.
Kh3 Kc5 61. Kxh4 Kxc4 62. b6 Kc5 63. b7 Be5 64. Bd7 Kb6 65. Bc8 Ka5 1/2-1/2

[Event "World Senior 65+ 2014"]
[Site "Katerini GRE"]
[Date "2014.11.02"]
[Round "9.41"]
[White "El Gheiadi, I."]
[Black "Booth, Anthony"]
[Result "1-0"]
[WhiteElo "2085"]
[BlackElo "1796"]
[WhiteFideId "9200037"]
[BlackFideId "4302699"]
[EventDate "2014.10.24"]

1. e4 e5 2. Nf3 Nc6 3. Bb5 a6 4. Ba4 Nf6 5. d3 b5 6. Bb3 Be7 7. O-O O-O 8. c3 d6
9. h3 h6 10. Nh2 Na5 11. Bc2 c5 12. f4 Nc6 13. f5 d5 14. Qe2 dxe4 15. dxe4 Bb7
16. Be3 Qc7 17. Ng4 Nd8 18. Nd2 c4 19. Qf3 Kh7 20. Rf2 Bc6 21. Nf1 Nb7 22. Ng3
Rae8 23. Qe2 Bd8 24. Rd1 Rh8 25. Qf3 Kg8 26. Rfd2 Be7 27. Qf2 Nxg4 28. hxg4 Nd6
29. f6 gxf6 30. Nh5 Bxe4 31. Nxf6+ Bxf6 32. Rxd6 Bxc2 33. Rd7 Qa5 34. Qxf6 Rh7
35. Rd8 Rxd8 36. Rxd8+ Qxd8 37. Qxd8+ Kg7 38. g5 hxg5 39. Bxg5 e4 40. g4 e3 41.
Qd4+ Kg8 42. Bf6 Rh3 43. Qd8+ Kh7 44. Qh8+ Kg6 45. Qg7# 1-0

[Event "World Senior 65+ 2014"]
[Site "Katerini GRE"]
[Date "2014.11.02"]
[Round "9.42"]
[White "Rubinstein, Mark"]
[Black "Rozewicz, Joseph"]
[Result "1-0"]
[WhiteElo "1931"]
[BlackElo "1576"]
[WhiteFideId "2807076"]
[BlackFideId "403318"]
[EventDate "2014.10.24"]

1. d4 d5 2. c4 e6 3. a3 Nf6 4. Nc3 Nbd7 5. f3 c6 6. e4 dxc4 7. Bxc4 Nb6 8. Ba2
Be7 9. Nge2 O-O 10. Be3 Nfd7 11. b4 e5 12. d5 cxd5 13. exd5 Bg5 14. Bf2 Nf6 15.
h4 Bh6 16. g4 g5 17. Be3 Ne8 18. Ne4 f6 19. Qd2 1-0

[Event "World Senior 65+ 2014"]
[Site "Katerini GRE"]
[Date "2014.11.02"]
[Round "9.43"]
[White "Zamahari, Abang Draup"]
[Black "Pihlajamaki, Antti"]
[Result "0-1"]
[WhiteElo "1603"]
[BlackElo "1863"]
[WhiteFideId "5704057"]
[BlackFideId "503290"]
[EventDate "2014.10.24"]

1. d4 Nf6 2. c4 e6 3. Nc3 Bb4 4. Bd2 O-O 5. e3 b6 6. Nf3 Bb7 7. Be2 d6 8. a3
Bxc3 9. Bxc3 Ne4 10. Rc1 Nd7 11. O-O Ndf6 12. h3 Nxc3 13. Rxc3 Ne4 14. Rc2 a5
15. Bd3 f5 16. Bxe4 Bxe4 17. Rd2 Qe7 18. Nh2 f4 19. exf4 Rxf4 20. f3 Bb7 21. b3
Raf8 22. d5 e5 23. Qe1 h5 24. Kh1 Bc8 25. Re2 Qf6 26. g3 Rd4 27. h4 Bf5 28. Re3
Qg6 29. Qf2 a4 30. Rc1 axb3 31. Rxb3 Rd3 32. Rxd3 Bxd3 33. g4 hxg4 34. Nxg4 Qxg4
35. fxg4 Rxf2 36. Rc3 e4 37. Kg1 Rf4 38. a4 Rxg4+ 39. Kf2 Rxh4 40. Ke3 Rh1 41.
a5 bxa5 42. c5 Re1+ 43. Kd2 Re2+ 44. Kd1 Rc2 45. cxd6 cxd6 46. Rc6 Rxc6 47. dxc6
d5 48. c7 Ba6 0-1

[Event "World Senior 65+ 2014"]
[Site "Katerini GRE"]
[Date "2014.11.02"]
[Round "9.44"]
[White "Topaloglu, Hayati"]
[Black "Tobar Salas, Juan Carlos"]
[Result "1-0"]
[WhiteElo "1848"]
[BlackElo "1538"]
[WhiteFideId "6310338"]
[BlackFideId "3416682"]
[EventDate "2014.10.24"]

1. e4 d6 2. d4 Nf6 3. Nc3 g6 4. Bd3 Bg7 5. Nge2 Nc6 6. a3 e5 7. d5 Ne7 8. h3 Bd7
9. Be3 h5 10. Qd2 c6 11. dxc6 bxc6 12. f4 Nh7 13. O-O Qc7 14. Rad1 O-O 15. fxe5
Bxe5 16. Bh6 Rfd8 17. Be3 Be6 18. Nd4 Bd7 19. Nf3 Bh8 20. Rf2 Qa5 21. Nd5 Qxd2
22. Nxe7+ Kf8 23. Nxg6+ Kg7 24. Bxd2 fxg6 25. Bc4 Nf6 26. Bc3 Kh6 27. Bd2+ Kg7
28. Ng5 Rf8 29. Bc3 Kh6 30. h4 Nxe4 31. Rxf8 Rxf8 32. Bxh8 d5 33. Nxe4 Rxh8 34.
Ng5 Bg4 35. Re1 dxc4 36. Nf7+ Kg7 37. Nxh8 Kxh8 38. Re7 Bf5 39. c3 a6 40. Kf2 c5
41. Ke3 a5 42. Kf4 Bc2 43. Ke5 Kg8 44. Kf6 Kh8 45. Ra7 a4 46. Rg7 Be4 47. g3 Bf5
48. Rxg6 Bxg6 49. Kxg6 1-0

[Event "World Senior 65+ 2014"]
[Site "Katerini GRE"]
[Date "2014.11.02"]
[Round "9.45"]
[White "Filzmaier, Bruno"]
[Black "Mitsakos, Achilleas"]
[Result "0-1"]
[WhiteElo "1846"]
[BlackElo "1584"]
[WhiteFideId "1607685"]
[BlackFideId "4207726"]
[EventDate "2014.10.24"]

1. a3 d5 2. e3 e5 3. d4 e4 4. c4 c6 5. Nc3 Nf6 6. Qb3 Be7 7. cxd5 cxd5 8. Nh3
O-O 9. Nf4 Bd6 10. Nfxd5 Nbd7 11. Be2 a6 12. O-O b5 13. Bd2 Rb8 14. Rac1 Nxd5
15. Qxd5 Nf6 16. Qa2 Be6 17. Qb1 Bf5 18. h3 Qd7 19. Qc2 Rbe8 20. Qd1 h5 21. f4
exf3 22. Bxf3 g6 23. Qe2 Bg3 24. Be1 Bf4 25. Bf2 Qd6 26. Qd2 Bh6 27. b4 g5 28.
Kh1 g4 29. hxg4 hxg4 30. Bd1 Bg5 31. Qe1 Nh5 32. g3 Nf6 33. Ne2 Kg7 34. Nf4 Bxf4
35. gxf4 Qd5+ 36. Kg1 Rh8 37. Bg3 Rh3 38. Bc2 Rh1+ 39. Kf2 Qf3# 0-1

[Event "World Senior 65+ 2014"]
[Site "Katerini GRE"]
[Date "2014.11.03"]
[Round "10.1"]
[White "Zakharov, Alexander"]
[Black "Kupreichik, Viktor D"]
[Result "1/2-1/2"]
[WhiteTitle "IM"]
[BlackTitle "GM"]
[WhiteElo "2331"]
[BlackElo "2405"]
[WhiteFideId "4103564"]
[BlackFideId "13500066"]
[EventDate "2014.10.24"]

1. e4 c5 2. Nf3 d6 3. Nc3 Nf6 4. e5 dxe5 5. Nxe5 Nbd7 6. Nc4 e6 7. g3 Nb6 8. b3
Be7 9. Bb2 Nxc4 10. bxc4 Bd7 11. Bg2 Rc8 12. Rb1 Bc6 13. Bxc6+ Rxc6 14. Ba1 b6
15. Qf3 Rd6 16. d3 O-O 17. O-O Qa8 18. Qxa8 Rxa8 19. a4 Nd7 20. Rb3 f5 21. a5
Kf7 22. Ra3 bxa5 23. Rxa5 Rb6 24. Na4 Rbb8 25. Ra6 Bd8 26. Re1 Bb6 27. Bc3 g5
28. Kg2 Re8 29. Ra1 Rac8 30. Bd2 h6 31. Nxb6 axb6 32. Ra7 Ke7 33. h3 Kd6 34. f4
Rg8 35. Rb7 Ra8 36. Raa7 Rxa7 37. Rxa7 e5 38. fxe5+ Nxe5 39. Rh7 Rg6 40. Rh8 Nf7
41. Rb8 Ke7 42. Rb7+ Ke8 43. Bc3 Nd8 44. Ra7 Re6 45. Kf2 Nf7 46. Rc7 Nd8 47. Kf3 1/2-1/2

[Event "World Senior 65+ 2014"]
[Site "Katerini GRE"]
[Date "2014.11.03"]
[Round "10.2"]
[White "Balashov, Yuri S"]
[Black "Zhelnin, Vladimir V"]
[Result "1/2-1/2"]
[WhiteTitle "GM"]
[BlackTitle "IM"]
[WhiteElo "2429"]
[BlackElo "2471"]
[WhiteFideId "4100263"]
[BlackFideId "4105567"]
[EventDate "2014.10.24"]

1. d4 Nf6 2. c4 g6 3. Nc3 Bg7 4. e4 d6 5. f3 O-O 6. Be3 Nc6 7. Nge2 a6 8. h4 h5
9. Nc1 e5 10. d5 Nd4 11. Nb3 Nxb3 12. Qxb3 c5 13. dxc6 bxc6 14. O-O-O Be6 15.
Bc5 Ne8 16. Qb6 Qxb6 17. Bxb6 f5 18. c5 Bh6+ 19. Kb1 Be3 20. Na4 d5 21. exd5
Bxd5 22. Nc3 Be6 23. Bd3 Nf6 24. Bc2 Bd4 25. Ne2 Bf2 26. Rd6 Kf7 27. Rxc6 Rfc8
28. Rc7+ Rxc7 29. Bxc7 e4 30. Nf4 Bxc5 31. Nxe6 Kxe6 32. Bb3+ Ke7 33. Bf4 Rd8
34. Bg5 Rd6 35. Rc1 Bf2 36. fxe4 fxe4 37. Rc7+ Ke8 38. Ba4+ Kd8 39. Rc6 Rxc6 40.
Bxc6 Kc7 41. Ba8 Kb8 42. Bxf6 Kxa8 43. Kc2 Kb7 44. Kd2 Kc6 1/2-1/2

[Event "World Senior 65+ 2014"]
[Site "Katerini GRE"]
[Date "2014.11.03"]
[Round "10.4"]
[White "Vaisser, Anatoly"]
[Black "Pushkov, Nikolai"]
[Result "1-0"]
[WhiteTitle "GM"]
[BlackTitle "GM"]
[WhiteElo "2531"]
[BlackElo "2306"]
[WhiteFideId "603252"]
[BlackFideId "4117131"]
[EventDate "2014.10.24"]

1. d4 Nf6 2. Bg5 d5 3. Nd2 e6 4. e3 Be7 5. Bd3 Nbd7 6. f4 b6 7. Ngf3 Bb7 8. Ne5
h6 9. Bh4 Nxe5 10. fxe5 Ne4 11. Bxe7 Qxe7 12. Bxe4 dxe4 13. O-O O-O-O 14. c3 f5
15. exf6 gxf6 16. a4 Rhg8 17. a5 Rg5 18. axb6 axb6 19. Rf2 Rdg8 20. Qe2 h5 21.
Kh1 h4 22. h3 f5 23. Rg1 Qg7 24. Nf1 Rh8 25. Rf4 Qe7 26. Qf2 Rgg8 27. g4 hxg3
28. Rxg3 Rxg3 29. Qxg3 Kb8 30. Kh2 Qh7 31. Qg2 Ba6 32. Ng3 Bc4 33. h4 Bb3 34. h5
Bd1 35. Qh3 Bg4 36. Rxg4 fxg4 37. Qxg4 Rg8 38. Qxe4 Qg7 39. Qf4 Rf8 40. Qe4 Rg8
41. Qf4 Rf8 42. Qe4 Rg8 43. Qf3 Rf8 44. Qe2 Qg5 45. Kh3 Rf6 46. b4 b5 47. Kg2 c6
48. Qd3 Qg4 49. Qe4 Qxe4+ 50. Nxe4 Rh6 51. Ng3 Kc7 52. Kf3 Kd7 53. Kg4 Rh8 54.
Ne4 Ke7 55. Ng5 Kf6 56. e4 Re8 57. h6 Kg6 58. h7 Kf6 59. Kf4 Rf8 60. Kg4 Re8 61.
e5+ Kg7 62. Ne4 Rf8 63. Nc5 Rf1 64. Nxe6+ Kxh7 65. Nd8 Kg6 66. Nxc6 Rc1 67. Ne7+
Kf7 68. Nd5 Rf1 69. Nc7 Rc1 70. d5 Rxc3 71. d6 1-0

[Event "World Senior 65+ 2014"]
[Site "Katerini GRE"]
[Date "2014.11.03"]
[Round "10.5"]
[White "Gergel, Vladimir P"]
[Black "Vasiukov, Evgeni"]
[Result "1/2-1/2"]
[WhiteTitle "FM"]
[BlackTitle "GM"]
[WhiteElo "2202"]
[BlackElo "2448"]
[WhiteFideId "14100550"]
[BlackFideId "4100522"]
[EventDate "2014.10.24"]

1. e4 Nf6 2. e5 Nd5 3. c4 Nb6 4. d4 d6 5. f4 dxe5 6. fxe5 Nc6 7. Be3 Bf5 8. Nc3
e6 9. Nf3 Bb4 10. Qb3 a5 11. a4 O-O 12. Be2 Be4 13. Rd1 Ne7 14. O-O Bxc3 15.
bxc3 Qd7 16. Ra1 Nf5 17. Bf2 f6 18. Ra2 Kh8 19. Rfa1 Bc6 20. Ra3 Qf7 21. Rf1 Qe8
22. Bd1 Qg6 23. Ra2 fxe5 24. dxe5 Rad8 25. Bc5 Rf7 26. Bxb6 cxb6 27. Qxb6 Rfd7
28. Be2 Qh6 29. Qf2 Ne3 30. Re1 Ng4 31. Qg3 Qe3+ 32. Kf1 Nh6 33. Nd4 Rf8+ 34.
Bf3 Qd3+ 35. Kg1 Bxf3 36. Nxf3 Qxc3 37. Rae2 Qxc4 38. Re4 Qc6 39. h3 Rd3 40. Kh2
Ra3 41. Qh4 Nf5 42. Qg4 Qd7 43. Ng5 h6 44. Nf3 Kh7 45. h4 Rc8 46. h5 Qe8 47. Rb1
Rc7 48. Rb6 Qf7 49. Qg6+ Qxg6 50. hxg6+ Kxg6 51. Rxe6+ Kf7 52. Rb6 Ne7 53. e6+
Ke8 54. Ne5 Rac3 55. Nf7 Nc8 56. Rb5 R3c5 57. Rb3 Ke7 58. Rg3 Rc4 59. Re2 Rh4+
60. Kg1 Rc1+ 61. Kf2 Rf4+ 62. Ke3 Rxa4 63. Rxg7 Kxe6 64. Nd8+ Kf6 65. Rxb7 Nd6
66. Rb6 Re4+ 67. Kd2 Rxe2+ 68. Kxe2 Ke5 69. Nc6+ Kf4 70. Nxa5 Nf5 71. Rf6 h5 72.
Nb3 Rc2+ 73. Nd2 Ra2 74. Rf8 h4 75. Ke1 Rb2 76. Ke2 Kg5 77. Rg8+ Kh5 78. Kd3 Ng3
79. Nf3 Rxg2 80. Rg5+ Kh6 81. Rg6+ Kh7 82. Nxh4 1/2-1/2

[Event "World Senior 65+ 2014"]
[Site "Katerini GRE"]
[Date "2014.11.03"]
[Round "10.6"]
[White "Suba, Mihai"]
[Black "Wahlbom, Magnus"]
[Result "0-1"]
[WhiteTitle "GM"]
[WhiteElo "2341"]
[BlackElo "2283"]
[WhiteFideId "1203363"]
[BlackFideId "1700685"]
[EventDate "2014.10.24"]

1. c4 Nf6 2. g3 g6 3. Bg2 Bg7 4. Nc3 O-O 5. Nf3 d6 6. O-O e5 7. d4 Nbd7 8. h3 c6
9. Qc2 Re8 10. dxe5 dxe5 11. Be3 Bf8 12. Rfd1 Qc7 13. a3 Nb6 14. Nd2 Bf5 15. Qc1
a5 16. g4 Be6 17. Nde4 Nxe4 18. Nxe4 Nxc4 19. Nf6+ Kh8 20. Nxe8 Rxe8 21. Bg5 a4
22. Bf6+ Kg8 23. Qc3 b5 24. e3 h6 25. Rd3 Rc8 26. Rad1 Be7 27. Bxe7 Qxe7 28. f4
e4 29. Rd4 Bd5 30. Bf1 Qh4 31. Qe1 Qxe1 32. Rxe1 Rb8 33. Kf2 Nxb2 34. Rb1 Nd3+
35. Bxd3 exd3 36. Ke1 Bb3 37. Kd2 Bc2 38. Rb2 Kg7 39. Rd6 c5 40. Rc6 b4 41. Rxc5
bxa3 42. Rxb8 a2 43. g5 a1=Q 44. Rcc8 hxg5 45. fxg5 Qe5 46. Rg8+ Kh7 47. Rgf8
Bb3 48. h4 Be6 49. Kxd3 a3 50. Ra8 a2 0-1

[Event "World Senior 65+ 2014"]
[Site "Katerini GRE"]
[Date "2014.11.03"]
[Round "10.7"]
[White "Frumson, Yury"]
[Black "Van Riemsdijk, Herman C."]
[Result "0-1"]
[WhiteTitle "FM"]
[BlackTitle "IM"]
[WhiteElo "2179"]
[BlackElo "2339"]
[WhiteFideId "4116402"]
[BlackFideId "2100053"]
[EventDate "2014.10.24"]

1. Nf3 d5 2. c4 d4 3. b4 f6 4. e3 e5 5. c5 a5 6. Qa4+ c6 7. Bc4 Bg4 8. b5 Bxc5
9. Bb2 Bxf3 10. gxf3 Ne7 11. Na3 Nd7 12. Qc2 Qc7 13. Rc1 Qd6 14. Nb1 g6 15. h4
cxb5 16. Bxb5 b6 17. Qa4 Rd8 18. Qb3 Qd5 19. Qxd5 Nxd5 20. Bc4 Nc7 21. a4 Ke7
22. Na3 Nf8 23. Ke2 Nfe6 24. Nb5 Nxb5 25. Bxb5 Rd6 26. Rhd1 Rhd8 27. Bc4 Ng7 28.
Bd3 Nh5 29. Bb5 Kf7 30. Bc4+ Kg7 31. Bb5 Kh6 32. Bc4 dxe3 33. dxe3 Rxd1 34. Rxd1
Rxd1 35. Kxd1 Ng7 36. Ke2 Nf5 37. f4 exf4 38. Bxf6 fxe3 39. fxe3 Bxe3 40. Be6
Bd4 41. Bd8 Kh5 42. Bxf5 gxf5 43. Kf3 Kg6 44. Kf4 h5 45. Kf3 Bc5 46. Kf4 b5 47.
axb5 a4 48. Bc7 a3 49. Be5 a2 50. Bb2 Bd6+ 51. Kf3 Bc7 52. Ke3 Kf7 53. Kd4 Kf6
54. Ke3+ Kf7 55. Kf3 Kg6 0-1

[Event "World Senior 65+ 2014"]
[Site "Katerini GRE"]
[Date "2014.11.03"]
[Round "10.8"]
[White "Pritchett, Craig W"]
[Black "Kolbak, Jens"]
[Result "1/2-1/2"]
[WhiteTitle "IM"]
[WhiteElo "2315"]
[BlackElo "2232"]
[WhiteFideId "2400065"]
[BlackFideId "1400339"]
[EventDate "2014.10.24"]

1. e4 e5 2. Nf3 Nc6 3. Bb5 a6 4. Ba4 Nf6 5. O-O b5 6. Bb3 Be7 7. d3 d6 8. a4 Rb8
9. axb5 axb5 10. c3 O-O 11. Re1 Bb7 12. Nbd2 Ra8 13. Rxa8 Bxa8 14. Nf1 Na5 15.
Bc2 c5 16. Ng3 Ne8 17. d4 Qc7 18. d5 g6 19. Bh6 Ng7 20. Nd2 Re8 21. b3 Bf8 22.
c4 Rb8 23. Qa1 b4 24. Qd1 Bb7 25. Ndf1 Bc8 26. Ne3 Nb7 27. Qa1 Nd8 28. f4 f6 29.
f5 Nf7 30. Ng4 Nxh6 31. Nxh6+ Kh8 32. fxg6 hxg6 33. Qd1 Ra8 34. Rf1 Ne8 35. Ng4
Bg7 36. Qf3 Qd7 37. h3 Ra2 38. Rf2 Ra1+ 39. Kh2 Qe7 40. Nf1 Qf8 41. Nfe3 Qg8 42.
Rf1 Ra2 43. Bd1 Qh7 44. Kh1 Qh4 45. Kh2 Bd7 46. Kh1 Ra1 47. Bc2 Ra2 48. Bd1 Kg8
49. Kh2 Kf7 50. Be2 Ke7 51. Kh1 Kd8 52. Bd1 Kc7 53. Be2 Bf8 54. Bd1 Be7 55. Kh2
Ra1 56. Be2 Ra2 57. Bd1 Qg5 58. Kh1 Rb2 59. Kh2 Rb1 60. Qe2 Ra1 61. Qb2 Ra8 62.
Bc2 Bxg4 63. Nxg4 Qd2 64. Ra1 Rxa1 65. Qxa1 Kb7 66. Qb1 Ng7 67. Qd1 Qg5 68. Qa1
Qf4+ 69. Kg1 Bd8 70. Qa4 Qc1+ 71. Kh2 Qf4+ 72. Kg1 Bc7 73. Qc6+ Kb8 74. Nf2 Qc1+
75. Bd1 Qe3 76. Kf1 Nh5 77. Bxh5 gxh5 78. Qe8+ Kb7 79. Qc6+ Kb8 80. Qe8+ Kb7 81.
Qc6+ Kb8 1/2-1/2

[Event "World Senior 65+ 2014"]
[Site "Katerini GRE"]
[Date "2014.11.03"]
[Round "10.9"]
[White "Rooze, Jan"]
[Black "Titz, Heimo"]
[Result "1-0"]
[WhiteTitle "IM"]
[BlackTitle "FM"]
[WhiteElo "2341"]
[BlackElo "2158"]
[WhiteFideId "200050"]
[BlackFideId "1601520"]
[EventDate "2014.10.24"]

1. e4 c5 2. Nf3 e6 3. d4 cxd4 4. Nxd4 Nc6 5. Nc3 Qc7 6. Be2 Nf6 7. O-O a6 8. Kh1
Be7 9. f4 d6 10. Be3 Nxd4 11. Bxd4 e5 12. Be3 exf4 13. Bxf4 Be6 14. Qe1 O-O 15.
Qg3 Rad8 16. Rad1 Kh8 17. Rd3 b5 18. a3 Qb6 19. Be3 Qb8 20. Bd4 Rg8 21. Qh4 Nd5
22. Qf2 Nxc3 23. Bxc3 h6 24. Rg3 f6 25. Qe3 Rdf8 26. Bd3 g5 27. h4 Rg7 28. Rgf3
Qd8 29. Qf2 Rgf7 30. Kg1 Kg8 31. a4 Qb8 32. axb5 axb5 33. b3 b4 34. Bd4 d5 35.
exd5 Bxd5 36. Rf5 Be6 37. Rb5 Qc7 38. Re1 Bd7 39. Rd5 Bc6 40. Rf5 Bd6 41. Bc4
Bg3 42. Qe3 Bxe1 43. Qxe1 Qd7 44. Qf2 Rd8 45. Bxf7+ Qxf7 46. Rxf6 Qh5 47. Qf5 1-0

[Event "World Senior 65+ 2014"]
[Site "Katerini GRE"]
[Date "2014.11.03"]
[Round "10.10"]
[White "Bibilashvili, Giorgi"]
[Black "Klundt, Klaus"]
[Result "0-1"]
[BlackTitle "IM"]
[WhiteElo "2169"]
[BlackElo "2325"]
[WhiteFideId "13601873"]
[BlackFideId "4600436"]
[EventDate "2014.10.24"]

1. d4 d5 2. c4 c6 3. Nc3 Nf6 4. Nf3 e6 5. Bg5 h6 6. Bh4 dxc4 7. Bxf6 Qxf6 8. a4
Bb4 9. Ne5 c5 10. e3 Nc6 11. Nxc6 bxc6 12. Bxc4 cxd4 13. Qxd4 Qxd4 14. exd4 Ke7
15. O-O-O a5 16. Kc2 Rd8 17. Rhe1 Ra7 18. d5 cxd5 19. Rxd5 Rc7 20. Rxd8 Kxd8 21.
Bd3 Bd7 22. Ra1 Bc6 23. f3 Ke7 24. Kb3 f5 25. Bc4 Kf6 26. Rc1 Bd6 27. Re1 Bd7
28. h3 Bb4 29. Re2 g5 30. Bb5 Bc8 31. Na2 Bd6 32. Nc3 Be5 33. Rd2 Ke7 34. Re2
Rc5 35. Rd2 h5 36. g4 h4 37. Rd3 Bxc3 38. bxc3 Rd5 39. Re3 Kf6 40. c4 Rc5 41.
Kc3 e5 42. Rd3 Ke7 43. Rd1 Be6 44. Rg1 Bd5 45. gxf5 Kf6 46. Rf1 Kxf5 47. Kd3 Be6
48. Ke3 Kf6 49. Rh1 Bf5 50. Rh2 Rc7 51. Rh1 Ke6 52. Rg1 Rg7 53. c5 Bxh3 54. Rd1
Rc7 55. Rd6+ Ke7 56. Rd5 Kf6 57. Rd6+ Kg7 58. c6 Kf7 59. Bd3 Be6 60. Bb5 Ke7 61.
Rd2 Bf5 62. Rd5 h3 63. Kf2 Ke6 64. Rd2 e4 65. Kg3 exf3 66. Kxf3 Rh7 67. Kg3 Be4
68. Rd7 Rxd7 69. cxd7 Ke7 70. Kxh3 Bf5+ 71. Kg3 Bxd7 72. Be2 Bxa4 73. Kf3 Bc6+
74. Ke3 Kd6 75. Kd4 a4 76. Kc3 Ke5 77. Kb4 Kf4 78. Bh5 Ke3 79. Bg4 Kf4 80. Bh3
Be4 81. Kxa4 Bf5 82. Bf1 g4 83. Kb4 Kf3 84. Kc3 Kf2 85. Bc4 g3 0-1

[Event "World Senior 65+ 2014"]
[Site "Katerini GRE"]
[Date "2014.11.03"]
[Round "10.11"]
[White "Khazankin, Moisei"]
[Black "Filipenko, Alexander V"]
[Result "0-1"]
[BlackTitle "IM"]
[WhiteElo "2039"]
[BlackElo "2292"]
[WhiteFideId "14115271"]
[BlackFideId "4104471"]
[EventDate "2014.10.24"]

1. e4 c5 2. Nf3 d6 3. d4 cxd4 4. Nxd4 Nf6 5. Nc3 e6 6. Bg5 Be7 7. Qd2 a6 8. f4
h6 9. Bxf6 Bxf6 10. O-O-O Be7 11. Kb1 Nc6 12. Nf3 b5 13. g4 Bb7 14. Qe3 Qc7 15.
Rg1 O-O-O 16. Rg2 Na5 17. Rgd2 Qc5 18. Qxc5+ dxc5 19. Ne5 Rxd2 20. Rxd2 Rf8 21.
Kc1 Nc6 22. Nxc6 Bxc6 23. a4 c4 24. axb5 axb5 25. e5 Bc5 26. Nd1 Rd8 27. Rxd8+
Kxd8 28. Kd2 g5 29. fxg5 hxg5 30. c3 Bg1 31. h3 Bh2 32. Ne3 Bf4 33. Ke2 Kc7 34.
Ng2 0-1

[Event "World Senior 65+ 2014"]
[Site "Katerini GRE"]
[Date "2014.11.03"]
[Round "10.12"]
[White "Serra Olives, Tomas"]
[Black "Peretz, Malkiel"]
[Result "1/2-1/2"]
[WhiteTitle "FM"]
[BlackTitle "FM"]
[WhiteElo "2156"]
[BlackElo "2240"]
[WhiteFideId "2203774"]
[BlackFideId "2800446"]
[EventDate "2014.10.24"]

1. e4 c5 2. Nf3 Nc6 3. d4 cxd4 4. Nxd4 Nf6 5. Nc3 e6 6. Ndb5 Bb4 7. a3 Bxc3+ 8.
Nxc3 d5 9. exd5 exd5 10. Bg5 d4 11. Ne4 Qa5+ 12. Bd2 Qe5 13. Bd3 Nxe4 14. O-O
Be6 15. Re1 Nxf2 16. Kxf2 Qxh2 17. Rh1 Qe5 18. Qf3 O-O-O 19. Rae1 Qf6 20. Qxf6
gxf6 21. Rh6 Ne5 22. Be2 Bg4 23. Reh1 Bxe2 24. Kxe2 Rhg8 25. Kf1 d3 26. cxd3
Rxd3 27. Be1 Rd1 28. R1h3 Ng4 29. R6h4 h5 30. Ke2 Rb1 31. Bc3 Re8+ 32. Kd2 Rg1
33. Rg3 Rd8+ 34. Kc2 Rd5 35. Kb3 Kd7 36. a4 a5 37. Rhh3 Ke6 38. Rh4 b5 39. Bxa5
bxa4+ 40. Kxa4 Ra1+ 41. Ra3 Rxa3+ 42. bxa3 Ne3 43. g3 Nf5 44. Rxh5 Rd4+ 45. Kb5
Nxg3 46. Rh3 Ne4 47. Bb6 Nd6+ 48. Ka5 Nc4+ 49. Kb5 Nxb6 50. Kxb6 f5 51. Kc5 Rd8
52. a4 f4 53. a5 Kf5 54. a6 Kg4 55. Rh7 f6 56. Rg7+ Kf5 57. a7 f3 58. Rd7 Ra8
59. Kb6 f2 60. Rd1 Ke4 61. Kb7 Rh8 62. a8=Q Rxa8 63. Kxa8 f5 64. Kb7 Ke3 65. Kc6
f4 66. Kd5 Ke2 67. Ra1 f1=Q 1/2-1/2

[Event "World Senior 65+ 2014"]
[Site "Katerini GRE"]
[Date "2014.11.03"]
[Round "10.13"]
[White "Gromark, Per-Olof"]
[Black "Vogel, Jaap"]
[Result "1/2-1/2"]
[BlackTitle "FM"]
[WhiteElo "2050"]
[BlackElo "2239"]
[WhiteFideId "1722433"]
[BlackFideId "1000764"]
[EventDate "2014.10.24"]

1. g3 d5 2. Bg2 c6 3. b3 Nf6 4. Bb2 g6 5. Nf3 Bg7 6. O-O O-O 7. c4 Bg4 8. h3 Bf5
9. d3 a5 10. Qc2 a4 11. Nbd2 axb3 1/2-1/2

[Event "World Senior 65+ 2014"]
[Site "Katerini GRE"]
[Date "2014.11.03"]
[Round "10.14"]
[White "Singer, Hans"]
[Black "Zhelesny, Stanislav"]
[Result "1/2-1/2"]
[WhiteTitle "FM"]
[BlackTitle "FM"]
[WhiteElo "2207"]
[BlackElo "2083"]
[WhiteFideId "1600800"]
[BlackFideId "4115244"]
[EventDate "2014.10.24"]

1. c4 Nf6 2. Nc3 d5 3. cxd5 Nxd5 4. d4 g6 5. e3 Bg7 6. Bc4 Nb6 7. Bb3 O-O 8. Nf3
c5 9. dxc5 N6d7 10. Na4 Na6 11. c6 bxc6 12. O-O Nac5 13. Nxc5 Nxc5 14. Bc4 Be6
15. Bxe6 Nxe6 16. Qc2 Qb6 17. Rb1 Qc5 18. Qxc5 Nxc5 19. b3 Ne4 20. Bb2 Rfd8 21.
Bxg7 Kxg7 22. Rfc1 c5 23. Rc4 f5 24. Rbc1 Kf6 25. g3 g5 26. h3 h5 27. h4 gxh4
28. Nxh4 Rd2 29. R1c2 Rad8 30. Nf3 Rd1+ 31. Kg2 e6 32. Ra4 R8d7 33. Ra6 R1d6 34.
Rxd6 Rxd6 35. Kf1 Rd3 36. Ne1 Rc3 37. Rxc3 Nxc3 38. Nd3 c4 39. Nb2 cxb3 40. axb3 1/2-1/2